FIFA World Cup Top 4 Positions - Statistics

General Stats
  • This quiz has been taken 143 times
  • The average score is 22 of 26
Answer Stats
Answer % Correct
France
100%
Argentina
99%
Brazil
98%
England
97%
Germany
97%
Italy
97%
Spain
97%
West Germany
97%
Uruguay
94%
Croatia
93%
Belgium
91%
Portugal
91%
Netherlands
90%
Morocco
89%
Soviet Union
83%
United States
83%
Sweden
78%
South Korea
73%
Poland
71%
Chile
70%
Hungary
68%
Turkey
68%
Czechoslovakia
64%
Yugoslavia
60%
Austria
58%
Bulgaria
55%
No matching quizzes found
Score Distribution
Percent of People with Each Score
Percentile by Number Answered
Your Score History
You have not taken this quiz